| 000 | 00528nam a22001817a 4500 | ||
|---|---|---|---|
| 003 | OSt | ||
| 005 | 20160510180040.0 | ||
| 008 | 160510b xxu||||| |||| 00| 0 eng d | ||
| 020 | _a0521637546 | ||
| 040 | _cDDC. | ||
| 082 | _a174.9REI 1996. | ||
| 100 |
_aReiss,J.Micheal;Straughan,Rodgers; _98692 |
||
| 245 |
_aImproving Nature? _bThe science and ethics of genetic engeneering. |
||
| 260 |
_aUK _bCambridge University Press. _c1996. |
||
| 300 |
_a288p; _bill; _c25cm. |
||
| 504 | _aincludes notes and index. | ||
| 942 |
_2ddc _cSLOAN |
||
| 999 |
_c3970 _d3970 |
||